| 000 | 01316cam a2200229 4500 | ||
|---|---|---|---|
| 001 | ABS63305 | ||
| 008 | 000000n2000 000 0 eng u | ||
| 035 | _a(Sirsi) u110012 | ||
| 100 | _aColwell, A | ||
| 245 | _aNatura 2000 and EU biodiversity policy | ||
| 260 | _c2000 | ||
| 490 |
_aTown & Country Planning _v69(11) November 2000, 334-335(2) |
||
| 520 | _aExamines the development and extension of the EU's nature protection legislation which consists of two principle directives and two regulations. The article looks at the Habitats Directive (92/43/EEC), which has become the main mechanism for protecting European fauna and flora and their habitats, through the EU-wide framework, Natura 2000. This network is significant as it brings together a range of EU policies and programmes to provide protection and enhancement for endangered European species and habitats. This integrated policy development show how the EC is ensuring that its policy interventions are implemented in a more effective way and achieve the impacts intended. | ||
| 590 | _aABS | ||
| 650 | _aCONSERVATION | ||
| 650 | _aEUROPEAN COMMISSION | ||
| 650 | _aNATURA 2000 | ||
| 650 | _aCONSERVATION (NATURAL HABITATS ETC) REGULATIONS 1994 | ||
| 650 | _aHABITATS DIRECTIVE | ||
| 690 | _aENVIRONMENT-ENVIRONMENTAL LAW | ||
| 942 | _n0 | ||
| 999 |
_c65618 _d65618 |
||